[Event "Mistrovstvi Cech 2019 - HD14"]
[Site "Prichovice u Korenova"]
[Date "2019.10.31"]
[Round "7"]
[White "Prazak, Daniel"]
[Black "Smolik, Jachym"]
[Result "0-1"]
[WhiteElo "1725"]
[BlackElo "1900"]
[EventDate "2019.10.26"]

1. d4  Nf6  2. Nf3  e6
3. c4  Bb4+  4. Nbd2
b6  5. a3  Bxd2+
6. Qxd2  Bb7  7. e3
O-O  8. b4  d6
9. Bb2  Nbd7  10. Be2  Ne4
11. Qc2  Kh8  12. O-O
f5  13. Nd2  Ndf6
14. Nxe4  Bxe4  15. Bd3
Qe8  16. f3  Bxd3
17. Qxd3  Nd7  18. e4
f4 19. Rae1 Rd8  20. Qe2  e5
21. dxe5  Nxe5  22. Rd1
Qc6  23. Bxe5  dxe5
24. Rd3  Rd4  25. Rxd4
exd4  26. Rd1  Rd8
27. e5  Qe6  28. h3
h6  29. Qe4  c5
30. bxc5  bxc5  31. Rc1  Re8
32. Qxf4  Qxe5  33. Qxe5
Rxe5  34. Rb1  a6
35. Kf2  Re3  36. Rb8+
Kh7  37. Rc8  Rxa3
38. Rxc5  Ra2+  39. Kg3
d3  40. Rd5  d2
41. c5  a5  42. c6  a4
43. c7  Rc2  44. Rxd2
Rxc7  45. Ra2  Ra7
46. Ra3  Kg6  47. Kf4
Kf6  48. h4  Ke6
49. Ke4  Ra5  50. f4
h5  51. f5+  Kf6
52. g3  Ra8  53. Kf4
Ra7  54. Ke4  Ra5
55. Kf4  Rxf5+  56. Ke4
Ra5  57. Kf4  Ke6
58. Ke4  g6  59. Kd4
Kf5  60. Ke3  Ke5
61. Kd3  Kd5  62. Kc3
Kc5  63. Kb2  Kb4
64. Re3  a3+  65. Ka2
Ra6  66. Re4+  Kc3
67. g4  Kd3  68. Rb4
hxg4  69. Rxg4  Ke3
70. Rg5  Kf4  71. Rg1
Kf5  72. Rg5+  Kf6
73. Rg4  Ra5  74. Rg3
Ra4  75. Rh3  Kg7
76. h5  g5  77. Rh1
Kh6  78. Kb3  Rh4
79. Rg1  Rh3+  80. Kc4
Kxh5  81. Kd4  a2
82. Ke4  Kh4  83. Kf5
Rf3+  84. Ke4  Ra3
85. Ra1  Kg3  86. Kf5
g4  87. Ke4  Kf2
88. Kd4 0-1

[Event "Mistrovstvi Cech 2019 - HD14"]
[Site "Prichovice u Korenova"]
[Date "2019.10.31"]
[Round "7"]
[White "Jirasko, Miroslav"]
[Black "Vaclavik, Jan"]
[Result "1/2-1/2"]
[WhiteElo "1640"]
[BlackElo "1797"]
[EventDate "2019.10.26"]

1. e4  c5  2. Nf3  d6
3. d4  cxd4  4. Nxd4
Nf6  5. Nc3  a6
6. Be3  e5  7. Nb3  Be6
8. Nd5  Bxd5  9. exd5
Be7  10. g3  Nbd7
11. Bg2  O-O  12. O-O
Rc8  13. Rc1  b5
14. h3  Nb6  15. Bxb6
Qxb6  16. Qd2  Nd7
17. h4  Bd8  18. Qd3 f5
19. Bh3  g6  20. Kh1
e4  21. Qe2  Bxh4
22. gxh4  Qd8  23. Qe3
Qxh4  24. Qg3  Qh6
25. Nd4  Ne5  26. f4
exf3  27. Nxf3  Rc4
28. Kg1  Qe3+  29. Kg2
f4  30. Qf2  Qe4
31. Be6+  Kg7  32. Rfe1
Qxf3+  33. Qxf3  Nxf3
34. Kxf3  h5  35. Re4
Rxe4  36. Kxe4  g5
37. Rg1  Kf6  38. Kf3
Rh8  39. Re1  Re8
40. Re2  Re7  41. Rh2
Rh7  42. c3  Rh8
43. Ke4  Rh7  44. Bc8
Re7+  45. Kf3  Re3+
46. Kf2  Kg6  47. Rg2
g4  48. Bxg4  hxg4
49. Rxg4+  Kf5  50. Rg8
Rd3  51. Ra8  Ke4
52. Rxa6  Rxd5  53. a4
Rd2+  54. Kf1  Kf3
55. Ke1  Rxb2  56. axb5
Rxb5  57. Rxd6  Rb1+
58. Kd2  Kg2  59. Rg6+
Kf2  60. c4  f3
61. Kd3  Rc1  62. Kd4  Ke2
63. Re6+  Kf1  64. Rf6
f2  65. c5  Kg2
66. Kd5  Rxc5+  1/2-1/2

[Event "Mistrovstvi Cech 2019 - HD14"]
[Site "Prichovice u Korenova"]
[Date "2019.10.31"]
[Round "7"]
[White "Stocek, Martin"]
[Black "Werner, Hong Quan Dan"]
[Result "0-1"]
[WhiteElo "1726"]
[BlackElo "1699"]
[EventDate "2019.10.26"]

1. Nf3 Nf6 2. g3 g6 3. Bg2 Bg7 4. O-O d6 5. c4 O-O 6. Nc3 e5 7. d4 Nfd7 8. e3 Nc6
9. b3 f5 10. dxe5 dxe5 11. e4 Nd4 12. Ba3 Re8 13. Rb1 Nf6 14. Nd2 Bh6 15. Kh1 b6
16. exf5 Bxf5 17. Nde4 Rb8 18. Bc1 Nxe4 19. Nxe4 Bg7 20. Bg5 Qd7 21. Qd2 Rf8 22.
Be3 Rbd8 23. f4 Qe7 24. Qf2 exf4 25. Qxf4 Ne2 26. Qh4 Qxh4 27. gxh4 Rfe8 28. Rbe1
Bxe4 29. Rxe2 Bd3 30. Rd2 Bxf1 31. Bxf1 Rxd2 32. Bxd2 Bf8 33. Bf4 Bd6 34. Bd2 Kf7
35. Kg2 Ke6 36. h5 Ke5 37. hxg6 hxg6 38. h4 Ke4 39. Be2 Rh8 40. Kh3 Bf4 41. Bc3
Rh7 42. Kg4 Ke3 43. Bf3 Rxh4+ 44. Kxh4 Kxf3 45. Bf6 a5 46. Be7 Be3 47. Bg5 Bf2+
48. Kh3 Bg3 49. Bd2 Bf4 50. Be1 g5 51. a3 g4+ 52. Kh4 g3 53. Bxg3 Bxg3+ 54. Kg5
Bd6 55. a4 Ke4 56. Kf6 Kd4 57. b4 axb4 58. c5 Bxc5 0-1

[Event "Mistrovstvi Cech 2019 - HD14"]
[Site "Prichovice u Korenova"]
[Date "2019.10.31"]
[Round "7"]
[White "Winter, Ondrej"]
[Black "Stejskal, Michal"]
[Result "1-0"]
[WhiteElo "1806"]
[BlackElo "1691"]
[EventDate "2019.10.26"]

1. e4  c5  2. Nf3  e6
3. c3  d5  4. exd5
Qxd5  5. d4  Nc6
6. Be3  cxd4  7. Nxd4
Nf6  8. Nd2  a6
9. Nc4  Bc5  10. Nxc6  Qxc6
11. Ne5  Qe4  12. Nc4
O-O  13. Be2  Bxe3
14. Nxe3  Rb8  15. O-O
Bd7 16. Bf3 Qg6 17. Nc4  Rfd8
18. Qe2  Bb5  19. a4  Bxc4
20. Qxc4  Qc2  21. Rac1
Qf5  22. Rcd1  Nd7
23. Qc7  Qc5  24. Rxd7
Rxd7  25. Qxc5  1-0

[Event "Mistrovstvi Cech 2019 - HD14"]
[Site "Prichovice u Korenova"]
[Date "2019.10.31"]
[Round "7"]
[White "Soucek, Petr"]
[Black "Valdman, Jakub"]
[Result "1/2-1/2"]
[WhiteElo "1816"]
[BlackElo "1357"]
[EventDate "2019.10.26"]

1. d4 d5 2. c4 e6 3. Nf3 Nf6 4. g3 Nbd7 5. Bg2 c6 6. O-O Bd6 7. Qc2 O-O 8. Nbd2
c5 9. cxd5 exd5 10. dxc5 Nxc5 11. b4 Ncd7 12. Rb1 Nb6 13. Bb2 h6 14. e4 dxe4 15.
Nxe4 Bf5 16. Nxf6+ Qxf6 17. Qb3 Qe6 18. Qxe6 Bxe6 19. a3 Bd5 20. Rfd1 Rfd8 21.
Rbc1 Bc6 22. Nd4 Bxg2 23. Kxg2 Be5 24. Rc2 Rd7 25. Rdd2 Rad8 26. Nb3 Bxb2 27.
Rxb2 Nc4 28. Rxd7 Rxd7 29. Ra2 b6 1/2-1/2

[Event "Mistrovstvi Cech 2019 - HD14"]
[Site "Prichovice u Korenova"]
[Date "2019.10.31"]
[Round "7"]
[White "Sulcova, Tereza Radmila"]
[Black "Juchelka, Marek"]
[Result "1-0"]
[WhiteElo "1369"]
[BlackElo "1604"]
[EventDate "2019.10.26"]

1. d4  f5  2. Nf3  d5
3. Bf4  Nf6  4. e3
e6  5. Bd3  Bd6
6. Nbd2  O-O  7. c3  Ne4
8. Qc2  h6  9. h3
Qe7  10. Ne5  Bxe5
11. Bxe5  c6  12. Ke2
Nxd2  13. Kxd2  Nd7
14. f4  Nxe5  15. dxe5
c5  16. Raf1  b6
17. g4 Qd7  18. Kc1  Bb7
19. Rhg1  Rac8  20. gxf5
exf5  21. Rg6  Qf7
22. Rfg1  Kh7  23. Rxg7+
Qxg7  24. Bxf5+  Kh8
25. Rxg7  Kxg7  26. Bxc8
Bxc8  27. Qg2+  Kf7
28. Qxd5+  Be6  29. Qd3
Bxa2  30. f5  Bb3
31. c4  Ba4  32. Qd5+
Kg7  33. f6+  Kg6
34. Qe4+  Kf7  35. Qh7+
Ke6  36. Qe7+  1-0

[Event "Mistrovstvi Cech 2019 - HD14"]
[Site "Prichovice u Korenova"]
[Date "2019.10.31"]
[Round "7"]
[White "Zelbova, Lada"]
[Black "Sip, Marek"]
[Result "1-0"]
[WhiteElo "1571"]
[BlackElo "1553"]
[EventDate "2019.10.26"]

1. d4  Nf6  2. Nf3  g6
3. Bg5  Bg7  4. Nbd2
h6  5. Bh4  d6
6. c3  O-O  7. e4  Nfd7
8. Be2  g5  9. Bg3
Nc6  10. O-O  e5
11. dxe5  Ndxe5  12. Nxe5
Nxe5  13. f4  Ng6
14. fxg5  hxg5  15. a4
Be6  16. Nf3  Qe7
17. Nd4  Bd7  18. Bd3
Rae8  19. Nf5  Qd8 20. Nxg7
Kxg7  21. Bb1  f6
22. Qc2  Ne5  23. c4
b6  24. a5  Rh8
25. b4  Rh6  26. c5  Bb5
27. Rd1  bxc5  28. bxc5
Qe7  29. cxd6  cxd6
30. Ba2  Rd8  31. Bd5
Rhh8  32. Ra3  Rc8
33. Rc3  Qd7  34. Rc1
Rxc3  35. Qxc3  Nd3
36. Rd1  Rc8  37. Qa3
Rc5  38. Rxd3  Bxd3
39. Qxd3  Rxa5  40. Qc3
Rc5  41. Qb2  a5
42. Qb6  Rb5  43. Qa6
f5  44. h3  f4
45. Bf2  a4  46. Bc6 Rb1+  47.
Kh2  Qe7  48. Qxa4  Kh6
49. Qd4  Rb8  50. Qa7
Qxa7  51. Bxa7  Rb2
52. Kg1  Rc2  53. Bd5
Rc7  54. Bb8  Rd7
55. Kf2  Kh5  56. Kf3
Kh4  57. Be6  Rb7
58. Bxd6  Rb1  59. Bg4
Rb3+  60. Kf2  Rg3
61. e5  f3  62. Bxf3
Rg4  63. e6  1-0

[Event "Mistrovstvi Cech 2019 - HD14"]
[Site "Prichovice u Korenova"]
[Date "2019.10.31"]
[Round "7"]
[White "Benes, Jachym"]
[Black "Seidl, Jan"]
[Result "1/2-1/2"]
[WhiteElo "1656"]
[BlackElo "1396"]
[EventDate "2019.10.26"]

1. d4  Nf6  2. c4  c5
3. d5  b5  4. Qc2
d6  5. e4  g6
6. cxb5  Bg7  7. Nc3  O-O
8. Bd3  a6  9. Nge2
Qc7  10. b3  Bd7
11. Bb2 Qb6 12. bxa6  Nxa6  13.
a3  Rfb8  14. Bc4  Nc7
15. O-O  Nb5  16. h3
Ne8  17. Nxb5  Bxb2
18. Qxb2  Bxb5  19. Qc2
Bxc4  20. bxc4  Qb2
21. Rfc1  Nf6  22. Nc3
Qxc2  23. Rxc2 Rb3  24. Nb5
Kf8  25. f3  Nd7
26. Kf2  Ra4  27. Rc3
Rxc3  28. Nxc3  Rxc4
29. Ne2  Ra4  30. Nc3
Ra5  31. a4  Ke8
32. Ke3  Nb6  33. Rb1
Ra6  34. Ra1  Ra5
35. Kd3  Kd7  36. Kc2
Kc7  37. Kb3  Nd7
38. Nd1  h5  39. h4
Ne5  40. Ne3  f6
41. f4  Nd7  42. Nc4
Ra8  43. a5  Kb7
44. Ka4  Ka6  45. Rb1
Rg8  46. Rb3  f5
47. e5  dxe5  48. fxe5
Rd8  49. d6  exd6
50. exd6  Re8  51. Re3
Rb8  52. Rb3  Re8 53. Re3
1/2-1/2

[Event "Mistrovstvi Cech 2019 - HD14"]
[Site "Prichovice u Korenova"]
[Date "2019.10.31"]
[Round "7"]
[White "Svacina, Tobias"]
[Black "Pecka, Jan"]
[Result "1/2-1/2"]
[WhiteElo "1538"]
[BlackElo "1634"]
[EventDate "2019.10.26"]

1. e4 c5 2. Nf3 Nc6 3. d4 cxd4 4. Nxd4 g6 5. Be3 Bg7 6. Nc3 Nf6 7. Be2 d5 8. Bb5
O-O 9. Bxc6 bxc6 10. Nxc6 Qd6 11. exd5 Ba6 12. Bd4 e5 13. Bxe5 Rfe8 14. f4 Nd7
15. Ne4 Qf8 16. Kf2 Nxe5 17. fxe5 Bxe5 18. Nxe5 Rxe5 19. Re1 f5 20. Qd4 fxe4+ 21.
Kg1 Rf5 22. c4 Rc8 23. b3 Qc5 24. Qxc5 Rxc5 25. Rxe4 Rc7 26. Rae1 Rcf7 27. Re7
Bb7 28. d6 Bc6 29. Rc7 Rxc7 30. dxc7 Bb7 31. Re8+ Rf8 32. Rb8 Bc8 33. b4 Kf7 34.
c5 a6 35. a4 Ke7 36. b5 axb5 37. axb5 Kd7 38. b6 h6 39. g4 Rf6 40. b7 Bxb7 41.
Rxb7 Rc6 42. Rb6 Kxc7 43. Kg2 Rxb6 44. cxb6+ Kxb6 45. Kf3 Kc5 46. Ke4 Kd6 47. h4
h5 48. gxh5 1/2-1/2

[Event "Mistrovstvi Cech 2019 - HD14"]
[Site "Prichovice u Korenova"]
[Date "2019.10.31"]
[Round "7"]
[White "Simunek, Jakub Simon"]
[Black "Zalusky, Matej"]
[Result "1/2-1/2"]
[WhiteElo "1543"]
[BlackElo "1617"]
[EventDate "2019.10.26"]

1. d4  Nf6  2. Nf3  g6
3. Nc3  d5  4. Bf4
Bg7  5. e3  O-O
6. Be2  Nbd7  7. Ne5  c6
8. g4  Qb6  9. Na4
Qa5+  10. c3  Nxe5
11. Bxe5  Bxg4  12. Bxg4
Nxg4  13. Bxg7  Kxg7
14. Nc5  Nf6  15. Nxb7
Qb6  16. Qb3  Nd7
17. Qb4  Rab8  18. Na5 Qc7
19. Qxe7  Qxa5  20. Qxd7
Rxb2  21. Qxc6  Rxa2
22. Rxa2  Qxa2  23. O-O
a5  24. e4  dxe4
25. d5  Qd2  26. c4
Qe2  27. Qc7  Qg4+
28. Qg3  Qxg3+  29. hxg3
Rc8  30. Rc1  Kf6
31. c5  Ke5  32. d6
Ke6  33. f4  Kd7
34. Kf2  a4  35. Ke3
Rb8  36. Kxe4  Kc6
37. Ke5  a3  38. Kf6
Rb7  39. Ke5  a2
40. Ra1  Ra7  41. Kd4
Ra4+  42. Ke5  Ra7
43. Ke4 1/2-1/2

[Event "Mistrovstvi Cech 2019 - HD14"]
[Site "Prichovice u Korenova"]
[Date "2019.10.31"]
[Round "7"]
[White "Madle, Robin"]
[Black "Dolensky, Filip"]
[Result "0-1"]
[WhiteElo "1481"]
[BlackElo "1609"]
[EventDate "2019.10.26"]

1. e4  c5  2. c3  g6
3. d4  cxd4  4. cxd4
d5  5. exd5  Nf6
6. Nc3  Bg7  7. Nf3
O-O  8. Be2  Nbd7
9. O-O  Nb6  10. h3
Nbxd5  11. Nxd5  Nxd5
12. Re1  b6  13. Bc4
Bb7  14. Bg5  Nf6
15. Bb3 e6  16. Ne5  h6
17. Be3  Nd5  18. Qd2
Nxe3  19. Qxe3  Qh4
20. Rad1  Rad8  21. Rd2
h5  22. Red1  Qf6
23. Ba4  Qe7  24. Bc6
Bxe5  25. Bxb7  Bxd4
26. Rxd4  Rxd4  27. Rxd4
Qxb7  28. Qg5  Qc7
29. Rd3  Qc2  30. Rc3
Qxb2  31. Rc1  Qxa2
32. g4  Qd5  33. Qe3
hxg4  34. hxg4  Rd8
35. Rf1  Kg7  36. Qc3+
Qd4  37. Qg3  b5
38. g5  Rh8  39. Qf3
Rh5  40. Qg3  Rh4
41. Qf3  Qg4+  42. Qxg4
Rxg4+  43. Kh2  Rxg5
44. Ra1  b4  45. Rxa7
Rb5  46. Ra2  b3
47. Rb2  g5  48. Kg3
f5  49. f3  e5
50. Rb1  b2  51. f4  Rb3+
52. Kg2  gxf4  53. Kf2
e4  54. Ke2  f3+
55. Kf2  Kf6  56. Kg3
Ke5  57. Kf2  Kf4
58. Rg1  e3+  0-1

[Event "Mistrovstvi Cech 2019 - HD14"]
[Site "Prichovice u Korenova"]
[Date "2019.10.31"]
[Round "7"]
[White "Duriancik, Michal"]
[Black "Rezek, Filip"]
[Result "1-0"]
[WhiteElo "1593"]
[BlackElo "1368"]
[EventDate "2019.10.26"]

1. Nf3 c6 2. g3 d5 3. Bg2 Nf6 4. c4 e6 5. b3 Be7 6. Bb2 O-O 7. O-O Nbd7 8. d3 b6
9. Nbd2 Bb7 10. a3 Rc8 11. b4 Rc7 12. Qb3 dxc4 13. dxc4 a5 14. Rfd1 Qa8 15. Bc3
a4 16. Qc2 Rd8 17. Ng5 h6 18. Nge4 b5 19. c5 Nd5 20. Bb2 N7f6 21. Be5 Rcd7 22.
Bd6 Bxd6 23. Nxd6 Nc7 24. N2e4 Nxe4 25. Nxe4 Ne8 26. Rxd7 Rxd7 27. Rd1 Qd8 28.
Rxd7 Qxd7 29. Qd3 Qxd3 30. exd3 Nc7 31. Nd6 Ba8 32. f4 Kf8 33. Kf2 Ke7 34. Ke3 f6
35. f5 e5 36. d4 exd4+ 37. Kxd4 Kd7 38. g4 Ke7 39. h4 Kd7 40. Ke3 Kd8 41. Kf4 Kd7
42. g5 Ke7 43. gxh6 gxh6 44. Kg4 Kf8 45. Kh5 Kg7 46. Bf3 Kh7 47. Nf7 Ne8 48. Nd6
Nc7 49. Nf7 Nd5 50. Nxh6 Nc3 51. Ng4 Nb1 52. Nxf6+ Kg7 53. Nd7 Nxa3 54. f6+ Kf7
55. Kg5 Nc2 56. Bh5+ Ke6 57. f7 a3 58. f8=Q a2 59. Qf7# 1-0

[Event "Mistrovstvi Cech 2019 - HD14"]
[Site "Prichovice u Korenova"]
[Date "2019.10.31"]
[Round "7"]
[White "Svejda, Karel"]
[Black "Le, Anh Dung"]
[Result "0-1"]
[WhiteElo "1389"]
[BlackElo "1575"]
[PlyCount "32"]
[EventDate "2019.10.26"]

1. e4 c5 2. Nf3 e6 3. d4 cxd4 4. Nxd4 a6 5. Nc3 Qc7 6. Be2 Bb4 7. Bd2 Nf6 8. f3
Nc6 9. Nxc6 bxc6 10. O-O Bc5+ 11. Kh1 d5 12. Bd3 h5 13. Qe2 h4 14. Na4 Ba7 15.
Bxa6 Bxa6 16. Qxa6 Bb8 0-1

[Event "Mistrovstvi Cech 2019 - HD14"]
[Site "Prichovice u Korenova"]
[Date "2019.10.31"]
[Round "7"]
[White "Papousek, Michal"]
[Black "Caba, Adam"]
[Result "1-0"]
[WhiteElo "1717"]
[BlackElo "1399"]
[PlyCount "43"]
[EventDate "2019.10.26"]

1. d4 Nf6 2. c4 e6 3. Nf3 Bb4+ 4. Bd2 Be7 5. Nc3 c5 6. dxc5 Bxc5 7. e3 Nc6 8.
Be2 Qb6 9. Na4 Qc7 10. Nxc5 O-O 11. O-O d6 12. Nb3 e5 13. Rc1 Re8 14. a3 Be6
15. Bb4 a5 16. Bxd6 Qd7 17. Bxe5 Qxd1 18. Rfxd1 Bxc4 19. Bxc4 Nxe5 20. Nxe5
Rxe5 21. Nd4 Rc8 22. Bxf7+ 1-0

[Event "Mistrovstvi Cech 2019 - HD14"]
[Site "Prichovice u Korenova"]
[Date "2019.10.31"]
[Round "7"]
[White "Svoboda, Jan"]
[Black "Pejrimovska, Viola Ruby"]
[Result "0-1"]
[WhiteElo "1368"]
[BlackElo "1583"]
[PlyCount "48"]
[EventDate "2019.10.26"]

1. c4 Nf6 2. Nf3 g6 3. g3 Bg7 4. Bg2 d6 5. d4 O-O 6. Nc3 Qe8 7. O-O e5 8. d5 a5
9. e4 Na6 10. h3 Nc5 11. Be3 Nfxe4 12. Nxe4 Nxe4 13. Nh4 f5 14. Qd3 Nc5 15.
Bxc5 dxc5 16. Qd2 f4 17. Rad1 e4 18. Rfe1 fxg3 19. fxg3 e3 20. Qd3 Bd4 21. Kh2
Rf2 22. Re2 g5 23. Nf3 Bf5 24. Qxf5 Rxe2 0-1

[Event "Mistrovstvi Cech 2019 - HD14"]
[Site "Prichovice u Korenova"]
[Date "2019.10.31"]
[Round "7"]
[White "Pisar, Tomas"]
[Black "Zemanova, Nikola"]
[Result "1/2-1/2"]
[WhiteElo "1355"]
[BlackElo "1490"]
[PlyCount "71"]
[EventDate "2019.10.26"]

1. e4 e6 2. d4 d5 3. Nc3 Nc6 4. e5 Bb4 5. Nf3 Nge7 6. Bd3 O-O 7. Bxh7+ Kh8 8.
Bd3 Nf5 9. Bxf5 exf5 10. Ng5 g6 11. Qf3 Kg7 12. Qf4 Rh8 13. O-O Be6 14. Nxe6+
fxe6 15. Qg5 Nxd4 16. Qxd8 Rhxd8 17. Bg5 Rg8 18. Rfd1 Bxc3 19. bxc3 Ne2+ 20.
Kf1 Nxc3 21. Rd3 Ne4 22. Be3 b6 23. f3 Nc5 24. Bxc5 bxc5 25. c4 c6 26. Rb1 Rab8
27. Rdb3 Rxb3 28. Rxb3 Rc8 29. Ra3 Rc7 30. Ra5 Kf7 31. Rxc5 Ke7 32. Ke2 Kd7 33.
Ke3 Rb7 34. cxd5 cxd5 35. f4 Rb4 36. Kf3 1/2-1/2

[Event "Mistrovstvi Cech - HD16"]
[Site "Prichovice u Korenova"]
[Date "2019.10.31"]
[Round "7"]
[White "Jares, Michal"]
[Black "Hosnedl, Matyas"]
[Result "1/2-1/2"]
[WhiteElo "1922"]
[BlackElo "1930"]
[EventDate "2019.10.26"]

1. d4  Nf6  2. Nf3  g6
3. g3  Bg7  4. Bg2
c5  5. c3  O-O
6. O-O  d5  7. dxc5  a5
8. c4  Na6  9. Ne5
Nh5  10. Bf4  Nxf4
11. gxf4  Bxe5  12. fxe5
dxc4  13. Na3  Nxc5
14. Nxc4  Be6  15. Rc1
Qc7 16. Qd4  Rfd8  17. Qc3
Bxc4  18. Qxc4  Rac8
19. Qb5  b6  20. f4
Rd2  21. a3  a4
22. Rfd1  Rcd8  23. Rxd2  Rxd2
24. Qxa4  Rxe2  25. Qa8+
Kg7  26. b4  Qd7
27. bxc5  Qd4+  28. Kh1
Qxf4  29. Rf1  Rf2
30. Rxf2  Qxf2  31. Qf3
Qxc5  32. Qe2  1/2-1/2

[Event "Mistrovstvi Cech - HD16"]
[Site "Prichovice u Korenova"]
[Date "2019.10.31"]
[Round "7"]
[White "Habenicht, Martin"]
[Black "Hejsek, Lukas"]
[Result "1/2-1/2"]
[WhiteElo "1839"]
[BlackElo "1887"]
[EventDate "2019.10.26"]

1. Nf3  Nf6  2. c4  e6
3. Nc3  d5  4. d4
a6  5. a4  Be7
6. Bg5  O-O  7. e3  Nbd7
8. Be2  dxc4  9. Bxc4
c5  10. O-O  b6
11. Qe2  Nh5  12. Bxe7  Qxe7
13. Rfd1  Bb7  14. d5
exd5  15. Nxd5  Bxd5
16. Bxd5  Nf4  17. Qc4
Nxd5  18. Qxd5  Rfd8
19. Qd6  Qf6  20. Rd2
Qxd6  21. Rxd6  Kf8
22. Rad1  Ke7  23. a5
b5 24. Rc6 Ne5 25. Rc7+  Kf6
26. Rxd8  Rxd8  27. Kf1  Nxf3
28. gxf3  c4  29. Rc6+
Kg5  30. Rxa6  Rd2
31. Rc6  Rxb2  32. a6
Ra2  33. Rc5+  Kg6
34. Rxb5  Rxa6  35. Rc5
Ra1+  36. Kg2  Rc1
37. f4  c3  38. Kf3
f5  39. h4  h5
40. Rc6+  Kf7  41. Rc7+  Kf6
42. Rc6+  Kf7  1/2-1/2

[Event "Mistrovstvi Cech - HD16"]
[Site "Prichovice u Korenova"]
[Date "2019.10.31"]
[Round "7"]
[White "Skypala, Ondrej"]
[Black "Ret, Adam Josef"]
[Result "0-1"]
[WhiteElo "2016"]
[BlackElo "2047"]
[EventDate "2019.10.26"]

1. d4  Nf6  2. Bf4  g6
3. Nc3  d5  4. e3
Bg7  5. h4  h5
6. Bd3  O-O  7. Qd2  c6
8. O-O-O  b5  9. Kb1
a5  10. Nf3  a4
11. Ne5  Qa5  12. a3  b4
13. axb4  Qxb4  14. Ka1
Ra5  15. f3  c5
16. g4  a3  17. b3  cxd4
18. exd4  Qxd4  19. b4
Ra8 20. Rhe1  Nfd7  21. Rb1
Nxe5  22. Bxe5  Bxe5
23. Rxe5  Qxe5  24. gxh5
a2  25. Re1  Qxh5
26. Bxg6  fxg6  27. Nxd5
Nc6  28. Rg1  Qe5+
29. c3  Bf5  30. Qh6
Qxd5 31. Rxg6+  Kf7  32. Rg1
Ke8  33. f4  Qf3
0-1

[Event "Mistrovstvi Cech - HD16"]
[Site "Prichovice u Korenova"]
[Date "2019.10.31"]
[Round "7"]
[White "Nemec, Jachym"]
[Black "Janouch, Jachym Stepan"]
[Result "1/2-1/2"]
[WhiteElo "1845"]
[BlackElo "1819"]
[EventDate "2019.10.26"]

1. e4  d6  2. d4  Nf6
3. Nc3  g6  4. Nge2
Bg7  5. g3  O-O
6. Bg2  c5  7. O-O  a6
8. a4  cxd4  9. Nxd4
Qc7  10. h3  Nc6
11. Nde2  b6  12. Nf4 e6
13. Nd3  Bb7  14. f4
Rad8  15. g4  d5
16. e5  Nd7  17. Ne2
Nc5  18. Be3  Nxd3
19. cxd3  Rb8 20. Rc1 Rfc8  21.
Nd4  Qd7  22. Nxc6  Bxc6
23. b3  b5  24. a5
b4  25. Bc5  Bf8 26. Bxf8 Kxf8
27. Qe1 Kg8 28. d4 Rf8 1/2-1/2

[Event "Mistrovstvi Cech - HD16"]
[Site "Prichovice u Korenova"]
[Date "2019.10.31"]
[Round "7"]
[White "Rokos, Filip"]
[Black "Husa, Daniel"]
[Result "1-0"]
[WhiteElo "2065"]
[BlackElo "1832"]
[EventDate "2019.10.26"]

1. e4  c5  2. Nf3  e6
3. d4  cxd4  4. Nxd4
Nf6  5. Nc3  Nc6
6. Nxc6  bxc6  7. e5
Nd5  8. Ne4  Qc7
9. f4  Qb6  10. c4
Bb4+  11. Ke2  f5
12. Nf2  Ne7  13. Nd3
Ba5  14. Be3  Qd8
15. Nc5  O-O  16. Qd3
Rb8  17. b3 Qc7  18. Rd1
Rd8  19. g3  Kf7
20. Bg2  Bb6  21. Rd2
Ba5  22. Rdd1  Bb6
23. Kf2  Ke8  24. Rhg1
Kf7  25. Bf3  a5
26. Rd2  Qa7  27. Qd6
Ba6  28. Rgd1  Nc8
29. Qxd7+  Rxd7  30. Rxd7+
Qxd7  31. Rxd7+  Ke8
32. Nxa6  Bxe3+  33. Kxe3
Rb6  34. Rc7  Rxa6
35. Rxc8+  Kd7  36. Rxc6
1-0

[Event "Mistrovstvi Cech - HD16"]
[Site "Prichovice u Korenova"]
[Date "2019.10.31"]
[Round "7"]
[White "Stastny, Jakub"]
[Black "Krizek, Krystof"]
[Result "0-1"]
[WhiteElo "1789"]
[BlackElo "1980"]
[EventDate "2019.10.26"]

1. d4  d5  2. c4  e6
3. Nc3  Nf6  4. cxd5 exd5
5. Bg5  Be7  6. Nf3
Nbd7  7. e3  c6
8. Qc2  h6  9. Bf4  Nh5
10. Be5  Nxe5  11. Nxe5
Bd6  12. Nf3  Qe7
13. Be2  Nf6  14. O-O
O-O  15. a3  a5
16. Na4  Ne4  17. Rac1  Bg4
18. Nc5  Bxc5  19. dxc5
a4  20. Nd4  Bxe2
21. Nxe2  Ra5 22. b4  axb3
23. Qxb3  Rfa8  24. Rb1
Nd2  0-1

[Event "Mistrovstvi Cech - HD16"]
[Site "Prichovice u Korenova"]
[Date "2019.10.31"]
[Round "7"]
[White "Brozka, Karel"]
[Black "Zdechovsky, Tobias"]
[Result "1/2-1/2"]
[WhiteElo "1940"]
[BlackElo "1782"]
[EventDate "2019.10.26"]

1. d4  Nf6  2. Nf3  c5
3. c3  b6  4. e3
Bb7  5. Nbd2  e6
6. Bd3  d5  7. Ne5
Bd6  8. f4  Bxe5
9. fxe5  Ne4  10. O-O
f5  11. exf6  Nxf6
12. Nf3  Nbd7  13. Ne5
Qc7  1/2-1/2

[Event "Mistrovstvi Cech - HD16"]
[Site "Prichovice u Korenova"]
[Date "2019.10.31"]
[Round "7"]
[White "Hurtik, Matej"]
[Black "Leksova, Sona"]
[Result "1-0"]
[WhiteElo "1924"]
[BlackElo "1386"]
[EventDate "2019.10.26"]

1. e4  d5  2. exd5  Qxd5
3. Nc3  Qa5  4. g3
Nf6  5. Bg2  e5
6. Nge2  Bf5  7. Bxb7  Qb6
8. Bxa8  c6  9. d4
Bb4  10. O-O  Bh3
11. Re1  O-O  12. Na4
Qc7  13. c3  Bd6
14. Qb3  Nbd7  15. Qb7
Rxa8  16. Qxa8+  Nb8
17. dxe5  Bxe5  18. Be3
Ng4  19. Qxa7  Qd6
20. Rad1  Qf6  21. Nf4
g6  22. Bd4  Bxd4
23. Qxb8+  Kg7  24. Rxd4
Nxf2  25. Kxf2  Kh6
26. Qf8+  Kg5  27. Kg1
1-0

[Event "Mistrovstvi Cech - HD16"]
[Site "Prichovice u Korenova"]
[Date "2019.10.31"]
[Round "7"]
[White "Kulhanek, Jachym"]
[Black "Jirousek, Jan"]
[Result "0-1"]
[WhiteElo "1777"]
[BlackElo "2034"]
[EventDate "2019.10.26"]

1. f4  e5  2. e4  d5
3. exd5  exf4  4. d4
Qh4+  5. Ke2  Bg4+
6. Nf3  Nd7  7. Qe1
Bxf3+  8. gxf3  Qf6
9. Kd3+  Ne7  10. Nc3
O-O-O  11. Ne4  Qb6
12. c4  Nf5  13. Qf2
c5 14. Bh3  Nxd4  15. Bxf4
f5  16. Nc3  g5
17. Bxg5  Ne5+  18. Kd2  Qxb2+
0-1

[Event "Mistrovstvi Cech - HD16"]
[Site "Prichovice u Korenova"]
[Date "2019.10.31"]
[Round "7"]
[White "Pors, Jaroslav"]
[Black "Hofman, Krystof"]
[Result "0-1"]
[WhiteElo "1850"]
[BlackElo "2089"]
[EventDate "2019.10.26"]

1. d4  Nf6  2. c4  g6
3. Nc3  Bg7  4. e4
d6  5. Nf3  O-O
6. Be2  e5  7. d5  a5
8. Bg5  h6  9. Bh4
Na6  10. Nd2  Bd7
11. O-O  Qe8  12. b3
Nh7  13. Rb1  h5
14. f3  Bh6  15. Bf2
Qe7  16. Kh1  f5
17. Qc2  f4  18. Rfc1
g5  19. h3  g4 20. fxg4 hxg4
21. Bxg4  Bxg4  22. hxg4
Nb4  0-1

[Event "Mistrovstvi Cech - HD16"]
[Site "Prichovice u Korenova"]
[Date "2019.10.31"]
[Round "7"]
[White "Merinsky, Vaclav"]
[Black "Voriskova, Anna"]
[Result "0-1"]
[WhiteElo "1728"]
[BlackElo "1960"]
[EventDate "2019.10.26"]

1. f4  d5  2. Nf3  g6
3. e3  Bg7  4. Be2
Nf6  5. d3  b6
6. O-O  O-O  7. h3  Bb7
8. Nbd2  c5  9. Rb1
Nc6  10. b3  Qc7
11. Nh2  e5  12. Bb2
exf4  13. exf4  d4
14. Bc1  Nb4  15. Rb2
Nbd5  16. Nc4  Nc3
17. Qd2  Rfe8 18. Re1  Re7
19. Bf3  Nfd5  20. Qf2
Rae8  21. Rxe7  Qxe7
22. Bd2  b5  23. Na5
Ba8  24. a3  Qd6
25. Kh1  Qb6  26. b4
cxb4  27. axb4  Nxb4
28. Bxc3  dxc3  29. Qxb6
Re1+  0-1